Všeobecná ekonomická teória metodický návod k štúdiu

Salvato in:
Dettagli Bibliografici
Autore principale: Hontyová, Kajetána
Ente Autore: Vysoká škola ekonomická v Bratislave. Národohospodárska fakulta
Altri autori: Piovarčiová, Veronika, 1951-, Šíbl, Drahoš, Táncošová, Judita, Mašláni, Juraj
Natura: Libro
Lingua:slovacco
Pubblicazione: Bratislava VŠE 1991
Edizione:1. vyd.
Soggetti:
Tags: Aggiungi Tag
Nessun Tag, puoi essere il primo ad aggiungerne!!

MARC

LEADER 00000nam a2200000 4500
001 c000256
005 20260325093328.4
020 |a 80-225-0331-2 
041 0 |a slo 
044 |a SK 
245 1 0 |a Všeobecná ekonomická teória  |b metodický návod k štúdiu 
250 |a 1. vyd. 
264 1 |a Bratislava  |b VŠE  |c 1991 
300 |a 61 s. 
610 2 0 |a teórie ekonomické 
610 2 0 |a systémy ekonomické 
610 2 0 |a mechanizmus hospodársky 
610 2 0 |a úroveň životná 
610 2 0 |a štát 
610 2 0 |a ceny 
610 2 0 |a peniaze 
610 2 0 |a nezamestnanosť 
610 2 0 |a politika fiškálna 
610 2 0 |a rovnováha trhová 
610 2 0 |a konkurencia 
610 2 0 |a kapitál 
610 2 0 |a úrok 
610 2 0 |a zisk 
610 2 0 |a obchod medzinárodný 
610 2 0 |a teórie rastu hospodárskeho 
610 2 0 |a krajiny rozvojové 
100 1 |a Hontyová, Kajetána 
700 1 |a Piovarčiová, Veronika, 1951- 
700 1 |a Šíbl, Drahoš 
700 1 |a Táncošová, Judita 
700 1 |a Mašláni, Juraj 
710 2 |a Vysoká škola ekonomická v Bratislave. Národohospodárska fakulta